[Event "Chigorin Memorial-B 10th"]
[Site "St Petersburg"]
[Date "2002.11.03"]
[Round "9"]
[White "Kopasov, Evgeny Aleksandrovi"]
[Black "Sklyarov, Alexander"]
[Result "1-0"]
[WhiteElo "2098"]
[BlackElo "2271"]
[PlyCount "99"]
[EventDate "2002.10.25"]
[EventType "swiss"]
[EventRounds "9"]
[EventCountry "RUS"]
[SourceTitle "EXT 2003"]
[Source "ChessBase"]
[SourceDate "2002.11.25"]
[SourceVersion "1"]
[SourceVersionDate "2002.11.25"]
[SourceQuality "1"]

1. d4 g6 2. c4 Bg7 3. Nc3 d6 4. e4 Nc6 5. Be3 e5 6. d5 Nce7 7. g4 f5 8. gxf5 gxf5 9. Qh5+ Ng6 10. exf5 Qh4 11. Qf3 N6e7 12. Bd3 Nf6 13. h3 0-0 14. Nge2 e4 15. Nxe4 Nxe4 16. Qxe4 Qxe4 17. Bxe4 Bxf5 18. Bxf5 Nxf5 19. 0-0 Rae8 20. Nf4 Nxe3 21. fxe3 Rxe3 22. Ne6 Rxf1+ 23. Rxf1 c6 24. Kf2 Bh6 25. Rg1+ Kf7 26. Rg7+ Bxg7 27. Kxe3 Bxb2 28. dxc6 bxc6 29. Nd8+ Kf6 30. Nxc6 Ba3 31. Ke4 Bc5 32. Kd5 h5 33. Nxa7 Bxa7 34. Kxd6 Bb8+ 35. Kc6 Kg5 36. Kb7 Bd6 37. a4 Kh4 38. a5 Kxh3 39. Kc6 Bb8 40. Kb7 Be5 41. c5 h4 42. a6 Kg2 43. a7 h3 44. a8Q h2 45. Qa2+ Kg1 46. Qb1+ Kg2 47. Qc2+ Kg1 48. Qd1+ Kg2 49. Qe2+ Kg1 50. Qe1+ 1-0